| 000 | 00805nam a22001697a 4500 | ||
|---|---|---|---|
| 003 | SGT | ||
| 020 | _a817409220X | ||
| 082 |
_a388 _bKAD |
||
| 100 | _aKADIYALI,L.R | ||
| 245 | _aTRAFFIC ENGINEERING AND TRANSPORT PLANNING | ||
| 250 | _a8TH | ||
| 260 |
_aNEW DELHI _bKHANNA PUBLISHERS _c2015 |
||
| 300 | _a913 | ||
| 650 | _aAUTOMOBILE ENGINEERING | ||
| 653 | _aTRAFFIC ENGINEERING ADMINISTRATION AND FUNCTIONS, THE ROAD USER AND THE VEHICLE, SPEED JOURNEY TIME AND DELAY SURVEYS, VEHICLE VOLUME COUNTS, CLASSIFICATION AND OCCUPANCY, ORIGIN DESTINATION SURVEY,PARKING SURVEYS, USE OF PHOTOGRAPHIC TECHNIQUES IN TRAFFIC SURVEY, STATISTICAL METHODS FOR TRAFFIC ENGINEERING, SPEED STUDIES, TRAFFIC FORECASTING, GEOMETRIC DESIGN, PARKING, TRAFFIC SIGNS, ROAD MARKING, TRAFFIC SIGNALS.... | ||
| 942 |
_2ddc _cBK _01 |
||
| 999 |
_c8788 _d8788 |
||